000 00851cam a22002777a 4500
003 CHAP
005 20220329140400.0
008 971013s1983 r 00010 d
010 _a51191
011 _a52163
035 _a56313
040 _cCHAP
082 _a658
_bR63
100 0 0 _aRodríguez Valencia, Joaquín.
_998942
245 1 3 _aEl pensamiento de la administración
260 _aTlaxcala, Tlax. :
_bUniversidad Autónoma de Tlaxcala,
_c1983
300 _a172 p.
590 _aBATCH-UPD
_b10
_c20130110
_lUCH01
_h1147
590 _aBATCH-UPD
_b10
_c20130410
_lUCH01
_h0732
590 _aBATCH-UPD
_b10
_c20130913
_lUCH01
_h1943
590 _aCONVERSION
_b10
_c20130109
_lUCH01
_h1328
650 1 4 _aAdministración de empresas.
_9922
901 _aBK
942 _cLIBRO
949 _a658 R63
_bBC
_cLIBRO
_d33724000900460
_eLIBRO
_h73275
_i56313
_si
999 _c51191
_d51191